Servidor de dos patrones /

Guardado en:
Autor Principal: Goldoni, Carlo
Formato: Libro
Publicado: Buenos Aires : Estrada
Series:Azulejos; No. 21
Materias:
Etiquetas: Agregar Etiqueta
Sin Etiquetas, Sea el primero en etiquetar este registro!
LEADER 00658nam a22002295a 4500
001 CEM.cems011368
005 20071016185611.0
008 130507b######################000#0#####d
003 CEMS
020 |a 9500108127 
082 0 4 |a 852.6 
100 1 |a Goldoni, Carlo 
245 1 0 |a Servidor de dos patrones /  |c Carlo Goldoni ; traducción de Ernesto Montequin 
260 |a Buenos Aires :  |b Estrada 
300 |a 191 p. 
490 0 |a Azulejos; No. 21 
505 0 |a La posadera / Carlo Godoni 
653 |a Literatura 
653 |a Literatura italiana 
653 |a Teatro italiano 
653 |a Teatro 
859 |a CEMS  |b BIB. CEMS - 11 de abril  |h 852.6  |i G569  |p 22304.03  |t Ej.1